000 00496nam a2200181Ia 4500
001 8721
005 20260306160630.0
008 260306t1999||||xx |||||||||||||| ||spa||
041 _aESP
082 _a371.3
_bM84
100 _aMontes Iturrizaga, Iván
_eAUT
245 0 _aEstudio de impacto educacional de los materiales lego dacta - infoescuela - med. documento resumen
260 _c1999
300 _a65 páginas :
_c20 cm.
650 _aGEN
654 _aCED
942 _cLIB
_dJUS
_fJUS
_2ddc
_n
999 _c8721
_d8721